Doing business in Germany : 2008.
| Format: | Book |
|---|---|
| Published: |
Berlin:
Urbach Hacker Young (UHY),
2008.
|
| Subjects: |
| LEADER | 00477cam a2200157 7i4500 | ||
|---|---|---|---|
| 001 | 0000023479 | ||
| 005 | 20090827090000.0 | ||
| 090 | 0 | 0 | |a GERM 338.7 |b DOI |
| 245 | 0 | 0 | |a Doing business in Germany : |b 2008. |
| 260 | 0 | 0 | |a Berlin: |b Urbach Hacker Young (UHY), |c 2008. |
| 300 | # | # | |a 30 p. |
| 650 | 0 | 0 | |a Germany |
| 650 | 0 | 0 | |a Doing business -- |z Germany |
| 650 | 0 | 0 | |a Investment,foreign -- |z Germany |
| 650 | 0 | 0 | |a Taxation -- |z Germany |
| 999 | |a 0000023852 |b Book |c Countries |e Business Information Centre | ||